| 000 | 01020nas a2200349 4500 | ||
|---|---|---|---|
| 001 | BR0603380 | ||
| 003 | BR-BrBNA | ||
| 005 | 20231205110215.0 | ||
| 007 | ta | ||
| 008 | 230509b bl.|||p| |||| 00| 00por d | ||
| 040 |
_aBR-BrBNA _bpor _cBiblioteca Nacional de Agricultura |
||
| 041 | _a(Pt) | ||
| 072 | _aQ54; L53 | ||
| 100 | 1 | _aFerreira, A.S. | |
| 100 | 1 | _aLopes, T.H.C. e | |
| 100 | 1 | _aDonzele, J.L. | |
| 100 | 1 | _aCosta, E.P. da | |
| 100 | 1 | _aKiefer, C. | |
| 100 | 1 | _aLima, K.R. de S. | |
| 245 | 1 | _aNíveis de proteína bruta na ração para porcas pluríparas em gestação | |
| 650 | _aPORCA | ||
| 650 | _aRAÇÃO | ||
| 650 | _aPROTEÍNA BRUTA | ||
| 650 | _aPRENHEZ | ||
| 650 | _aGANHO DE PESO | ||
| 650 | _aPERFORMANCE | ||
| 650 | _aCOMPOSIÇÃO DE ALIMENTO | ||
| 650 | _aEFICIÊNCIA REPRODUTIVA | ||
| 773 | 0 |
_tRevista Brasileira de Zootecnia (Brazil) _xISSN 1516-3598 _g(May-Jun 2006), v. 35(3) p. 761-767 _wBR0603380 |
|
| 909 |
_a202311 _bLúcia _c55 _dLúcia Elande |
||
| 942 |
_2AGRIS _n0 _cANA |
||
| 999 |
_c186510 _d186510 |
||